Discurso de Fidel en la inauguración del combinado textil

Kaydedildi:
Detaylı Bibliyografya
Yazar: Castro Ruz, Fidel
Materyal Türü: Metin
Baskı/Yayın Bilgisi: La Habana: Gamma
Etiketler: Etiketle
Etiket eklenmemiş, İlk siz ekleyin!

MARC

LEADER 00000 a a2200000 04500
001 24850
003
040
090 |a 178600  
100 |a Castro Ruz, Fidel  
245 |a Discurso de Fidel en la inauguración del combinado textil  
260 |a La Habana:   |b Gamma  
300 |a 2 p  
999 |c 12083  |d 12083